| 000 | 00755nam a2200241 a 4500 | ||
|---|---|---|---|
| 001 | 64762 | ||
| 003 | BD-RjUL | ||
| 005 | 20211209081340.0 | ||
| 008 | 170220s1971 mauabc b 001 0 eng | ||
| 035 | _a(BD-RjUL)64892 | ||
| 040 |
_aDLC _cDLC _dBD-RjUL _beng |
||
| 041 | _aeng | ||
| 082 | 0 | 0 |
_a973 _223 _bLID 1971 |
| 100 | 1 |
_aLink, Arthur Stanley. _9192011 |
|
| 245 | 1 | 4 |
_aThe democratic heritage: a history of the United States _cArthur S. Link and Stanley Coben. |
| 260 |
_aWaltham, Mass. : _bGinn, _cc1971. |
||
| 300 |
_axii, 676 p. : _bill. ; _c26 cm. |
||
| 504 | _aIncludes bibliographical references. | ||
| 651 | 0 |
_aUnited States _xHistory. _9191039 |
|
| 700 | 1 |
_aCoben, Stanley, _ejoint author. _9192012 |
|
| 942 |
_2ddc _cBK |
||
| 999 |
_c64762 _d64762 |
||